Nature, history, state : 1933-1934

Αποθηκεύτηκε σε:
Λεπτομέρειες βιβλιογραφικής εγγραφής
Κύριος συγγραφέας: Heidegger, Martin, 1889-1976
Μορφή: Βιβλίο
Γλώσσα:English
Δημοσίευση: London : Bloomsbury, 2015.
Σειρά:Athlone contemporary European thinkers
Θέματα:
Ετικέτες: Προσθήκη ετικέτας
Δεν υπάρχουν, Καταχωρήστε ετικέτα πρώτοι!

MARC

LEADER 00000cam a2200000 a 4500
001 1/120841
008 200207s2015####uk ||||||| |||| ||eng||
020 |a 9781441116178 
040 |a GR-MyUa  |b gre  |c GR-MyUa  |e AACR2 
041 1 |a eng 
082 7 |a 193  |2 (23) 
100 1 |a Heidegger, Martin,   |d 1889-1976. 
245 1 0 |a Nature, history, state :   |b 1933-1934 /   |c Martin Heidegger ; translated and edited by Gregory Fried and Richard Polt.  
260 |a London :   |b Bloomsbury,   |c 2015.  
490 1 |a (Athlone contemporary European thinkers) 
500 |a With essays by Robert Bernasconi, Peter E. Gordon, Marion Heinz, Theodore Kisiel, and Slavoj Zizek.  
600 1 0 |a Heidegger, Martin,   |d 1889-1976. 
650 0 |a Political science  |x Philosophy  |x History  |y 20th century. 
650 0 |a National socialism 
830 0 |a Athlone contemporary European thinkers 
852 |a INST  |b LESVOS  |e 20200207  |h 193 HEI  |p 005100062673  |q 005100062673  |t BK  |y 0 
920 |a ΠΜΣ Κοινωνική και Ιστορική Ανθρωπολογία  |y Λέσβος  |z 2019-10 
970 |a Δημάκη  |b Μαρία  |z 07-02-2020